| 000 | 01862cam a22004334i 4500 | ||
|---|---|---|---|
| 003 | PE-LiUPU | ||
| 005 | 20250731172925.0 | ||
| 008 | 170508s1994 r 000 0 spa d | ||
| 020 | _a0805461574 | ||
| 020 | _a9780805461572 | ||
| 035 | _a(Sirsi) a203905 | ||
| 040 |
_aPE-LiUPU _bspa _cPE-LiUPU _erda |
||
| 049 | _aPRUA | ||
| 082 | 0 | 4 |
_a262.0017 _bG34 |
| 100 | 1 |
_aGetz, Gene A., _eautor. |
|
| 245 | 1 | 4 |
_aThe walk : _bthe measure of spiritual maturity / _cGene A. Getz ; foreword by Chuck Swindoll. |
| 264 |
_aNashville, Tenn. : _bBroadman and Holman, _c1994. |
||
| 300 |
_axvi, 226 páginas : _bilustaciones ; _c24 centímetros. |
||
| 336 |
_text _2rdacontent |
||
| 337 |
_unmediated _2rdamedia |
||
| 338 |
_volume _2rdacarrier |
||
| 505 | 0 |
_tIntroduction: God wants to use your church! -- _tA personal word from Dr. John F. Walvoord -- _tA personal word from Dr. Stephen Olford -- _tA personal word from Mr. Josh McDowell -- _tA personal word from Mr. Max Lucado -- _tA personal word from Dr. Bruce Wilkinson -- _tA personal word from Mrs. Vonette Bright -- _tA personal word from Dr. Charles Stanley -- _tA personal word from Dr. Joseph Stowell -- _tA personal word from Dr. Luis Palau -- _tA personal word from Dr. Norman Wright -- _tA personal word from Dr. Tony Evans. |
|
| 526 | _aSEG42 | ||
| 526 | _aSEG41 | ||
| 526 | _aSEG40 | ||
| 526 | _aSEG39 | ||
| 526 | _aP94 | ||
| 526 | _aP87 | ||
| 526 | _aP86 | ||
| 526 | _aP85 | ||
| 526 | _aP77 | ||
| 526 | _aP76 | ||
| 526 | _aP35 | ||
| 650 | 1 | 4 | _aRenovación de la iglesia. |
| 596 | _a1 | ||
| 942 |
_2ddc _cBOOK |
||
| 999 |
_a262.0017 G34 _wDEWEY _c20284 _i75810 _f2021-11-10 _g4 _lCCODEBUL1 _mBUL _r0 _sY _tBOOK _u2017-5-8 _xTEOLOGIA _PP85 _0DONACION _o.STAFF. Colección Teología _d20284 |
||
| 980 |
_81 _gALBERTO SANCHEZ Responsable de Automatización |
||